1564 1926 1926 1841 1999 1743 1855 1246 1671 1265 1169 1964 1698 1922 1464 1826 1463 1665 1705 1602 1737 1332 1459 1426 1765 1208 1938 1571 1230 1277 1633 1722 1855 1484 1892 1262 1431 1220 1172 1019 1338 1873 1399 1912 1937 1323 1292 1665 1431 1706 1235 1952 1562 1556 1818 1673 1804 1432 1990 1832 1533 1495 1199 1973 1309 1954 1646 1211 1076 1944 1343 1050 1161 1349 1827 1077 1336 1185 1733 1166 1837 1588 1025 1691 1566 1997 1250 1056 1530 1563 1587 1717 1212 1458 1061 1988 1745 1381 1374 BCNSPRNW ULIB Ver.6.0+V

เปลี่ยนเป็นภาษาไทย

Change to English
 แสดงรายละเอียดบรรณานุกรม
  กลับหน้าหลัก

Brief Record : Get Marc (ISO 2709) : E-mail record : QR code < ปิดหน้าต่าง
LEADER : 00000nam 2200000uu 4500
001    13399120994
003     ULIB
008    020711s2549 th a 000 0 tha d
020    9749426940
020    9789749426944
050  4 HA62^bอ117ว
100    องอาจ นัยพัฒน์.
245    วิธีวิทยาการวิจัยเชิงปริมาณและเชิงคุณภาพทางพฤติกรรมศาสตร์และสังคมศาสตร์ /^cองอาจ นัยพัฒน์.
250    พิมพ์ครั้งที่ 2
260    กรุงเทพฯ :^bสามลดา,^c2549
300    441 หน้า
650    พฤติกรรมศาสตร์
945    ^p345^l0^i14404
999    ^aทศพร เกษรทอง
รายการนี้ยังไม่มีแท็ก
คุณยังไม่ได้ล็อกอิน คุณสามารถมีกิจกรรมร่วมกับเว็บไซต์ได้ แต่ต้องล็อกอินก่อน ::
  ล็อกอิน

รายการสื่อสารสนเทศ

ลำดับที่ ประเภท เลขเรียก/บาร์โค้ด สถานที่ สถานะ
1. วิทยาศาสตร์การแพทย์ และสุขภาพ
วิทยาศาสตร์การแพทย์ และสุขภาพ
HA62 อ117ว ฉ.1 
  Barcode: 14404
ห้องสมุดวิทยาเขตสวรรค์ประชารักษ์
►หนังสือทั่วไป
บนชั้น

รายการใกล้เคียง
    หัวเรื่อง [พฤติกรรมศาสตร์]

BibComment


ยังไม่เคยถูกคอมเมนท์

คอมเมนท์ทรัพยากรรายการนี้
  คอมเมนท์: วิธีวิทยาการวิจัย..


 Copyright 2026. Bcnsprnw @Library